Textos sobre la obra de Gabriel Orozco /

محفوظ في:
التفاصيل البيبلوغرافية
مؤلفون آخرون: Birnbaum, Daniel (autor) (autor), Soler Frost, Pablo (prólogo) (prólogo)
التنسيق: كتاب
اللغة:الإسبانية
منشور في: Madrid, España : México : Turner ; CONACULTA, 2005, c2005
الموضوعات:
الوسوم: إضافة وسم
لا توجد وسوم, كن أول من يضع وسما على هذه التسجيلة!

MARC

LEADER 00000nam^a2200000^a^4500
001 000187412
005 20250521000000.0
009 20260310102258.377
020 |a 84-7506-709-3 
020 |a 970-35-0712-3 
037 |a Acervo ITESO - Biblioteca 
041 |a ESP 
082 |a 709. 72  |b TEX 
245 0 0 |a Textos sobre la obra de Gabriel Orozco /  |c D. Birnbaum... [et al.] ; pról. de P. Soler Frost. 
264 4 |a Madrid, España :  |b Turner ;  |a México :  |b CONACULTA,  |c 2005, c2005 
300 |a 255 p. 
336 |a texto  |b txt  |2 rdacontenido 
337 |a sin mediación  |b n  |2 rdamedio 
338 |a volumen  |b nc  |2 rdasoporte 
649 |a XX 
650 |a Pintores Mexicanos 
650 |a Artistas Mexicanos 
650 |a Instalaciones (Arte) -  |z México -  |x Historia y Crítica 
650 |a Pintura Mexicana -  |x Historia y Crítica 
650 |a Arte Objeto -  |z México -  |x Historia y Crítica 
650 |a Arte Espacial -  |z México -  |x Historia y Crítica 
650 |a Arte Mexicano -  |x Historia y Crítica 
650 |a Arte Mexicano -  |y Siglo XX 
650 |a Arte Mexicano -  |y Siglo XXI 
650 |a Orozco, Gabriel -  |x Tema Principal 
700 |a Birnbaum, Daniel  |e (autor) 
700 |a Soler Frost, Pablo  |e (prólogo) 
910 |a Fondo General 
920 |a Impresos - Libros 
930 |a Colección General 
905 |a 101 
901 |a 0500129647  |b IT1  |c ACC  |u 20250521 
902 |a https://opac.biblio.iteso.mx/vufind/Record/000187412